000 00298nam a2200109Ia 4500
001 1276019
005 20260417160439.0
008 260417s9999 xx 000 0 und d
020 _a9786256999114
245 0 _aEvliya Çelebi - Seyahatname'nin Peşinde
_cFeride Kurtulmuş
260 _bKetebe Çocuk
999 _c1276019
_d1276019